Conducting research in conservation: A social science perspective (Record no. 396856)

MARC details
000 -LEADER
fixed length control field 00574 a2200205 4500
005 - DATE & TIME
control field 20260417114322.0
008 - FIXED-LENGTH DATA ELEMENTS--GENERAL INFORMATION
fixed length control field 260417b |||||||| |||| 00| 0 eng d
020 ## - ISBN
International Standard Book Number 9781138694767
Price Rs. 1295.00
040 ## - CATALOGING SOURCE
Original cataloging agency VIVEKANANDA LIBRARY
082 ## - DDC NUMBER
Classification number 333.72072
Book Number N46C
100 ## - MAIN ENTRY--PERSONAL NAME
Personal name Newing, Helen
245 ## - TITLE STATEMENT
Title Conducting research in conservation: A social science perspective
260 ## - PUBLICATION, DISTRIBUTION, ETC. (IMPRINT)
Name of publisher, distributor, etc Routledge
Place of publication, distribution, etc Oxon
Date of publication, distribution, etc 2016
300 ## - PHYSICAL DESCRIPTION
Pages xx, 376
650 ## - Subject
Subject Economics
650 ## - Subject
Subject Energy - Natural Resources
650 ## - Subject
Subject Environmental Conservation
650 ## - Subject
Subject Research Methods
942 ## - ADDED ENTRY ELEMENTS (KOHA)
Koha item type Books
Holdings
Withdrawn status Lost status Source of classification or shelving scheme Damaged status Not for loan Location (home branch) Sublocation or collection (holding branch) Shelving location Date acquired Koha issues (times borrowed) Koha full call number Accession No. Koha date last seen Koha item type
    Dewey Decimal Classification     VIVEKANANDA LIBRARY VIVEKANANDA LIBRARY Vivekananda Library 24/03/2026   333.72072 N46C 438846 24/03/2026 Books
© Designed and Maintained by Vivekananda Library, MDU Rohtak